| 000 | 00873nam a22002297a 4500 | ||
|---|---|---|---|
| 005 | 2010072205365.0 | ||
| 010 | _aENG-97078 | ||
| 020 |
_c395.00 _a9788124114889 |
||
| 035 | _aEN-805611 | ||
| 037 | _bDBAD/PUB | ||
| 082 | _a354.54072 | ||
| 100 |
_aMathur, Kuldeep _91865 |
||
| 245 |
_aPolicy-making in India: _cby Kuldeep Mathur, James Warner Bjorkman _bwho speaks? who listens? / |
||
| 260 |
_aNew Delhi _bHar-Anand Publications _c2009 |
||
| 270 |
_bNew Delhi _e110020 _aE-49/3, Okhla industrial Area, Phase-ii, |
||
| 300 |
_a184 p. _c23 cm (Hb) |
||
| 500 | _aIncludes bibliographical references index | ||
| 700 |
_91438 _aBjorkman, James Warner |
||
| 700 | _91585 | ||
| 942 |
_2ddc _cEN _mMAT _h354.54072 |
||
| 999 |
_c37892 _d37892 |
||